Histórias e Parábolas (Record no. 45284)

MARC details
000 -Etiqueta do registo
Valores 00343nam a2200157 4500
100 ## - Dados gerais de processamento
Dados gerais 20251210 pory50
101 ## - Língua de publicação
Língua por
102 ## - País de publicação
País PT
200 ## - Titulo e menção de responsabilidade
Título próprio Histórias e Parábolas
Primeira menção de responsabilidade Chinna Kata
210 ## - Publicação
Local de publicação Mangualde
Nome do editor Om Sai Ram
Data de publicação 2024
215 ## - Descrição física 
Paginação / Volumes 280 p.
675 ## - CDU
Notação 29
801 ## - Fonte de origem
País PT
Regras de catalogação RPC
990 ## - Elementos KOHA
Tipo de documento Livro
Holdings
Aquisição Empréstimo Código de barras Cota Permissão de empréstimo Tipo de documento
Biblioteca Municipal de Redondo Biblioteca Municipal de Redondo 056008 29 KAT   Livro

Powered by Koha